| 000 | 00868cam a2200241 4500 | ||
|---|---|---|---|
| 001 | WB3706-13 | ||
| 008 | 000000n2001 000 0 eng u | ||
| 035 | _a(Sirsi) u110784 | ||
| 245 | _aUK to escape slowdown | ||
| 260 | _c2001 | ||
| 490 |
_aIndependent _v6 February 2001, 17(1) |
||
| 520 | _aGovernment is confident that the UK will sustain economic growth, and avoid the repercussions of the US slowdown. The latest survey by the Chartered Institute of Purchasing and Supply (CIPS) strengthens this opinion, highlighting significant growth in Britain's services sector. | ||
| 590 | _aWB | ||
| 650 | _aECONOMIC GROWTH | ||
| 650 | _aECONOMY | ||
| 650 | _aCIPS | ||
| 650 | _aCHARTERED INSTITUTE OF PURCHASING AND SUPPLY | ||
| 650 | _aINTEREST RATES | ||
| 650 | _aUNITED STATES | ||
| 650 | _aUNITED KINGDOM | ||
| 690 | _aECONOMIC ISSUES | ||
| 942 | _n0 | ||
| 999 |
_c66038 _d66038 |
||